<?xml version="1.0" encoding="UTF-8"?>
<record
    xmlns:xsi="http://www.w3.org/2001/XMLSchema-instance"
    xsi:schemaLocation="http://www.loc.gov/MARC21/slim http://www.loc.gov/standards/marcxml/schema/MARC21slim.xsd"
    xmlns="http://www.loc.gov/MARC21/slim">

  <leader>00435nam a2200145Ia 4500</leader>
  <datafield tag="041" ind1=" " ind2=" ">
    <subfield code="a">Arabic</subfield>
  </datafield>
  <datafield tag="082" ind1=" " ind2=" ">
    <subfield code="a">796.42 cut-294 &#x632;</subfield>
  </datafield>
  <datafield tag="100" ind1=" " ind2=" ">
    <subfield code="a">20260118u\\\\\\\\\\\y0engy0103\\\\ba</subfield>
  </datafield>
  <datafield tag="100" ind1=" " ind2=" ">
    <subfield code="a">&#x639;&#x628;&#x62F;&#x627;&#x644;&#x631;&#x62D;&#x645;&#x646; &#x639;&#x628;&#x62F;&#x627;&#x644;&#x62D;&#x645;&#x64A;&#x62F; &#x632;&#x627;&#x647;&#x631;</subfield>
  </datafield>
  <datafield tag="245" ind1=" " ind2="0">
    <subfield code="a">&#x641;&#x633;&#x64A;&#x648;&#x644;&#x648;&#x62C;&#x64A;&#x627; &#x645;&#x633;&#x627;&#x628;&#x642;&#x627;&#x62A; &#x627;&#x644;&#x648;&#x62B;&#x628; &#x648;&#x627;&#x644;&#x642;&#x641;&#x632; </subfield>
  </datafield>
  <datafield tag="250" ind1=" " ind2=" ">
    <subfield code="a">&#x637;1</subfield>
  </datafield>
  <datafield tag="260" ind1=" " ind2=" ">
    <subfield code="b">&#x645;&#x631;&#x643;&#x632; &#x627;&#x644;&#x643;&#x62A;&#x627;&#x628; &#x644;&#x644;&#x646;&#x634;&#x631;</subfield>
    <subfield code="a">&#x627;&#x644;&#x642;&#x627;&#x647;&#x631;&#x629;</subfield>
    <subfield code="c">2000</subfield>
  </datafield>
  <datafield tag="300" ind1=" " ind2=" ">
    <subfield code="a">343</subfield>
  </datafield>
  <datafield tag="942" ind1=" " ind2=" ">
    <subfield code="c">Bk</subfield>
  </datafield>
  <datafield tag="999" ind1=" " ind2=" ">
    <subfield code="c">190261</subfield>
    <subfield code="d">190261</subfield>
  </datafield>
  <datafield tag="952" ind1=" " ind2=" ">
    <subfield code="0">0</subfield>
    <subfield code="1">0</subfield>
    <subfield code="4">0</subfield>
    <subfield code="7">0</subfield>
    <subfield code="8">790 - 799</subfield>
    <subfield code="a">KOYUCL</subfield>
    <subfield code="b">KOYUCL</subfield>
    <subfield code="c">BK</subfield>
    <subfield code="d">2026-01-18</subfield>
    <subfield code="l">0</subfield>
    <subfield code="o">796.42 cut-294 &#x632;</subfield>
    <subfield code="p">0000095642</subfield>
    <subfield code="r">2026-01-18</subfield>
    <subfield code="t">1</subfield>
    <subfield code="w">2026-01-18</subfield>
    <subfield code="y">Bk</subfield>
  </datafield>
</record>
